01524nam a2200373Ia 4500001001200000003000800012006001900020007001500039008004100054010001700095020002200112040002100134035002100155050003000176082001700206245010500223260008200328300002400410490001700434500002100451500002000472504005100492533015200543630001800695650004300713650005800756655002900814700003100843710009600874710001700970830001800987856012601005999001901131ebr10112091CaPaEBRm u cr cn|||||||||040706s2003 nyua sb 001 0 eng d z 2004274977 z0738499293 (pbk.) aCaPaEBRcCaPaEBR a(OCoLC)13734211114aHF5548.4.L673bI47 2003eb04a005.2/7622200aImplementing IBM Lotus Enterprise Integrator 6h[electronic resource] /c[Andre Guirard ... et al.]. aWhite Plains, NY :bIBM, International Technical Support Organization,c2003. axiv, 260 p. :bill.1 aIBM redbooks a"December 2003." a"SG24-6067-00." aIncludes bibliographical references and index. aElectronic reproduction.bPalo Alto, Calif. :cebrary,d2009.nAvailable via World Wide Web.nAccess may be limited to ebrary affiliated libraries.00aLotus Domino. 0aBusiness enterprisesxData processing. 0aEnterprise application integration (Computer systems) 7aElectronic books.2local1 aGuirard, Andreq(Andre P.)2 aInternational Business Machines Corporation.bInternational Technical Support Organization.2 aebrary, Inc. 0aIBM redbooks.40uhttp://site.ebrary.com/lib/rucke/Doc?id=10112091zAn electronic book accessible through the World Wide Web; click to view c210583d210583